000 00906nam a2200373 a 4500
003 AR-BaBNM
005 20251128210806.0
008 082120s2002 ||||||||||||||000 | spa||
020 _a84-249-2494-0
040 _cAR-BaBNM
100 0 _aAristóteles
245 0 0 _aRetórica
260 _aMadrid
_bGredos
_c2000
300 _a462 p.
490 0 _aBiblioteca básica Gredos
_vv. 31
650 4 _aORATORIA
650 4 _aESCUELAS FILOSOFICAS
650 4 _aHISTORIA ANTIGUA
650 4 _aFILOSOFOS
650 4 _aLOGICA
650 4 _aETICA
650 4 _aPOLITICA
651 4 _aOccidente
651 4 _aGrecia
653 _aFILOSOFIA ANTIGUA
653 _aMETODO DIALECTICO
653 _aSOFISTAS
653 _aSISTEMAS FILOSOFICOS
653 _aHISTORIA DEL PENSAMIENTO
653 _aELOCUENCIA
700 1 _aRacionero, Quintín
_eprologuista
942 _cBK
998 _cMARTIN
999 _c16929
_d16929